Les joueurs avec le plus de paniers à 3 points marqués (NBA 2024-2025) - Statistiques

Statistiques générales
  • Ce quiz a été pris 57 fois
  • Le résultat moyen est 13 sur 20
Statistiques - réponses
Équipe Joueur Nombre de 3 points % Correct
Warriors Stephen Curry 311
98%
Celtics Jayson Tatum 250
84%
Timberwolves Anthony Edwards 320
80%
Clippers James Harden 235
76%
Bulls Coby White 216
71%
Celtics Derrick White 265
71%
Cavaliers Donovan Mitchell 233
69%
Hawks Trae Young 218
69%
Heat Tyler Herro 251
69%
Pacers Tyrese Haliburton 218
69%
Celtics Payton Pritchard 255
65%
Rockets Jalen Green 234
61%
Cavaliers Darius Garland 212
57%
Lakers Austin Reaves 200
51%
Wizards Jordan Poole 235
51%
Kings Zach LaVine 239
51%
Mavericks Klay Thompson 216
49%
Pistons Malik Beasley 319
43%
Warriors Buddy Hield 203
37%
Trail Blazers Anfernee Simons 215
31%
Aucun quiz correspondant
Distribution des résultats
% des personnes avec chaque résultat
Percentile par nombre de réponses
Votre historique - résultats
Vous n’avez pas pris ce quiz